Science Quiz

Random Science or Color Quiz

Colors of Betta Fish Quiz Stats

Quiz not verified by Sporcle

Challenge
Share
Tweet
Embed
Score 0/9 Timer 03:00
0 Plays Today
What Color? % Correct
Blue
91.2%
Red
89%
White
86.8%
Yellow
86.8%
Purple
85.7%
Green
85.7%
Orange
80.2%
Pink
80.2%
Brown
68.6%

You're not logged in!

Compare scores with friends on all Sporcle quizzes.
Sign Up with Email
OR
Log In

You Might Also Like...

Show Comments

Extras

Top Quizzes Today


Score Distribution

Your Account Isn't Verified!

In order to create a playlist on Sporcle, you need to verify the email address you used during registration. Go to your Sporcle Settings to finish the process.